=LDR 00000nam 2200000 4500 =001 NUTBA000000000001593 =005 20140506120929.0 =006 =007 =008 =020 ##$$a 979-9386-07-1 =035 ##$$0010-051400000000058 =082 ##$$a 425 =090 ##$$a 425-Cys-e =100 ##$$a Dhanni R. Cyssco =245 ##$$a English Grammar Practice For TOEFL Preparation Test =260 ##$$a Jakarta $b Puspa Swara $c 2000 =300 ##$$a x,356 hlm $c 28 cm =990 ##$$a 0001/BPAP-NTB/20142014 =990 ##$$a 0001/BPAP-NTB/20142015 =990 ##$$a 0001/BPAP-NTB/2015 =990 ##$$a 20704981 =990 ##$$a 21196098/BPAP-NTB/2014 =990 ##$$a 0001/BPAP-NTB/20142014 =990 ##$$a 0001/BPAP-NTB/20142015